Instituto del Teatro. Escuela Superior de Arte Dramático
Descripción Física:
[8] p. ; 23 cm
MARC
| LEADER | 00000nam a2200000Ia 4500 | ||
|---|---|---|---|
| 001 | 9172 | ||
| 003 | BGR | ||
| 005 | 20260324175258.0 | ||
| 008 | 160829s9999 xx 000 0 cat d | ||
| 080 | |a FU-10-1 | ||
| 110 | 2 | |a Instituto del Teatro (Barcelona, Catalunya) |9 54846 | |
| 245 | |a Instituto del Teatro. Escuela Superior de Arte Dramático | ||
| 260 | |a Barcelona : |b el Instituto, DL 1968 | ||
| 300 | |a [8] p. ; |c 23 cm | ||
| 590 | |a Abans del títol: Diputación Provincial de Barcelona. | ||
| 610 | 1 | 0 | |a Institut del Teatre (Barcelona, Catalunya) |9 52662 |
| 710 | 1 | |a Barcelona (Catalunya : Província). |b Diputació |9 52408 | |
| 901 | |a Arxiu | ||
| 942 | |n 1 |2 udc |c MON | ||
| 952 | |0 0 |1 0 |4 0 |6 FU101 |7 1 |9 43246 |a Arxiu |b Arxiu |d 2016-12-01 |l 0 |o FU-10-1 |p 9172 |r 2016-12-01 00:00:00 |w 2016-12-01 |y ARXIU | ||
| 999 | |c 45790 |d 45790 | ||